000 00956nas a2200289 4500
001 BR2015006951
003 BR-BrBNA
005 20231205130011.0
007 ta
008 230509b bl.|||p| |||| 00| 00por d
040 _aBR-BrBNA
_bpor
_cBiblioteca Nacional de Agricultura
041 _a(En)
072 _aL70
100 1 _aMurthy, K.R.K.
100 1 _aHaghnazari, L.
245 1 _aThe blood levels of glucagon, cortisol, and insulin following the injection of venom by the scorpion (mesobuthus tamulus concanesis, pocock)in dogs
650 _aCAO
650 _aESCORPIAO
650 _aVENENO
650 _aCIENCIA ANIMAL
650 _aANALISE COMPARATIVA
650 _aINTOXICACAO
773 0 _tJournal of Venomous Animals and Toxins (Brazil)
_xISSN 1678-4936
_g(1999), v. 5(1) p. 47-55
_wBR2015006951
856 4 0 _uhttp://dx.doi.org/10.1590/S0104-79301999000100004
909 _a202311
_bLúcia
_c55
_dLúcia Elande
942 _2AGRIS
_n0
_cANA
999 _c247370
_d247370